000 00308nam a22001337a 4500
020 _a9789350290866
082 _a823
_bPIL
100 _a T.S. Pillai
_9915
245 _aChemmeen: The Enduring Classic
260 _aNOIDA
_bHarperPerennial
_c2011
300 _a276
700 _aANITA NAIR
_9916
942 _cBK
999 _c35913
_d35913